Sports Quiz

Random Sports or Baseball Quiz

MLB Top 50 Active HR Leaders Quiz Stats

Quiz Updated Oct 2, 2017

Challenge
Share
Tweet
Embed
Score 0/50 Timer 05:00
2 Plays Today
HR Player % Correct
614Albert Pujols
95.9%
462Miguel Cabrera
92.6%
382Ryan Howard
88.3%
462Adrian Beltre
87.2%
331Jose Bautista
86.8%
311Adrian Gonzalez
83.5%
215Carlos Gonzalez
82.8%
302Ryan Braun
80%
242David Wright
78.5%
301Robinson Cano
75%
382Carlos Beltran
73.8%
267Chris Davis
73.1%
261Evan Longoria
72.8%
175Russell Martin
72.2%
201Mike Trout
71.4%
257Joey Votto
70.7%
348Edwin Encarnacion
70.2%
314Matt Holliday
68.9%
263Brian McCann
68.3%
251Adam Jones
67%
174Josh Donaldson
65.6%
176Paul Goldschmidt
64.8%
319Curtis Granderson
64.2%
203Andrew McCutchen
63.5%
237Victor Martinez
63.3%
HR Player % Correct
258Chase Utley
61.7%
224Troy Tulowitzki
61.7%
251Ryan Zimmerman
58%
323Nelson Cruz
57.5%
267Giancarlo Stanton
57.2%
263Hanley Ramirez
57.2%
277Jay Bruce
55.4%
200Josh Hamilton
54.8%
174Carlos Santana
54.1%
259Matt Kemp
53.2%
210Brandon Phillips
52.4%
234Ian Kinsler
50.6%
229Jayson Werth
50.4%
256Justin Upton
47.4%
220Hunter Pence
46.4%
201Mark Trumbo
46.2%
188J.J. Hardy
45.2%
231Jimmy Rollins
42.5%
202Jhonny Peralta
41.9%
175Todd Frazier
35.6%
185Chris Young
25.8%
267Mike Napoli
24.8%
190Kendrys Morales
22.9%
281Mark Reynolds
22.5%
200Adam Lind
20.1%

You're not logged in!

Compare scores with friends on all Sporcle quizzes.
Sign Up with Email
OR
Log In

You Might Also Like...

Show Comments

Extras

Top Quizzes Today


Score Distribution

Your Account Isn't Verified!

In order to create a playlist on Sporcle, you need to verify the email address you used during registration. Go to your Sporcle Settings to finish the process.